[Event "16. Jacques Lemans Open"]
[Site "St. Veit"]
[Date "????.??.??"]
[Round "?"]
[White "Enzendorfer, Alfred"]
[Black "Lang, Karl"]
[Result "1-0"]
[WhiteElo "2094"]
[BlackElo "1982"]
[PlyCount "121"]
[EventDate "1996.07.??"]

1. d4 d5 2. Nf3 Nf6 3. c4 e6 4. g3 Nbd7 5. Bg2 dxc4 6. Qa4 c5 7. O-O cxd4 8.
Nxd4 e5 9. Nf3 Qc7 10. Nbd2 Be7 11. Qxc4 Qxc4 12. Nxc4 e4 13. Nfd2 Nc5 14. b4
Na6 15. a3 Bf5 16. Bb2 O-O 17. Rac1 Rad8 18. Bxf6 Bxf6 19. Nxe4 Bxe4 20. Bxe4
b5 21. Ne3 Bb2 22. Rc2 Bd4 23. Nf5 Bb6 24. Bd3 Nc7 25. Rfc1 Rd7 26. Rc6 Rfd8
27. Kg2 g6 28. Nh4 Re8 29. Nf3 Kg7 30. R1c2 f6 31. Nd2 f5 32. Nb3 Kf7 33. h4
Ree7 34. Nd2 Kg7 35. Nf3 Rd5 36. h5 Ne6 {} 37. hxg6 hxg6 38. Nh4 Bc7 39. Ra2
Bd6 40. Bb1 Nf8 41. e3 Kh7 42. Rac2 Kg7 43. Rc1 Nd7 44. Ba2 Rd2 45. Nf3 Rxa2
46. Rxd6 Nf6 47. Rcc6 Ng4 48. Rxg6+ Kh8 49. Ng5 Rxf2+ 50. Kg1 Re8 51. Rc7 Rh2
52. Nf7+ Kh7 53. Rxg4 fxg4 54. Kxh2 Kg6 55. Nd6 Rxe3 56. Nxb5 a6 57. Rc6+ Kf5
58. Rxa6 Re2+ 59. Kg1 Rb2 60. Rc6 Ke4 61. Rc3 1-0